| 000 | 00584cam a2200193 a 4500 | ||
|---|---|---|---|
| 020 | _a0207150648 | ||
| 040 | _cDLC | ||
| 082 | _a581 ANG 1986 A061 Or. | ||
| 100 | 1 | _aBodkin, Frances, | |
| 245 | 1 | 0 |
_aEncyclopaedia botanica : _bthe essential reference guide to native and exotic plants in Australia / |
| 246 | 3 | _aEncyclopedia botanica | |
| 260 |
_aNorth Ryde, NSW, Australia : _bAngus & Robertson, _c1986 |
||
| 300 |
_ax, 1083 p. : _bill. ; _c29 cm |
||
| 500 | _aIncludes index | ||
| 650 | 0 | _aBotany | |
| 650 | 0 | _aPlants, Cultivated | |
| 650 | 0 | _aPlants, Ornamental | |
| 942 | _cEK | ||
| 999 |
_c14557 _d14557 |
||